Quizzes
Events
Quiz Creation
Community
Videos
Private Events
Remove Ads
Sign In
Join for FREE
Feedback
Dark Mode
Quiz Categories
Sports
Geography
Music
Movies
Television
Just For Fun
Miscellaneous
History
Literature
Language
Science
Gaming
Entertainment
Religion
Holiday
For Kids
Quiz Lab
Recent
Popular Today
Quiz Kudos Today
Editor Picks
Curator Picks
Quizzes by...
Day
Popularity
Type
Ratings
Length
Year
Community
Subscriptions
Recent Discussions
Orange Saloon
Badges
Playlists
Quests
Create
Leaderboards
Showdown
Live 5
Trivia Bingo
Activity
Puzzle Library
Sporcle Events
Private Events
Virtual Trivia
Globe League
Become a Host
Pub Owners
SporcleCon
Opinionation
Our Games
Videos
Blog
Mobile Apps
Partnerships
Remove Ads and Go Orange
Feedback
History
US Presidents
World Leaders
Politics
Nation
Discovery
War
Decade
Year
Century
Biography
Art
History
US Presidents
World Leaders
Politics
Nation
Discovery
War
Decade
Year
Century
Biography
Art
Random Quiz
Search Sporcle
×
Quiz Lab
Quiz Lab
History
start
Type in answers that appear in a list
Type in answers that appear in a list
Classic
Best Score? Go Orange.
Get an A in History Stats
Name the words that start with A.
By
MakeHistoryFun
7m
21 Questions
121 Plays
121 Plays
121 Plays
Comments
Comments
Give Quiz Kudos
Give Quiz Kudos
-
- Ratings
hide this ad
No Skip
Answers have to be entered in order without skipping
Answers have to be entered in order without skipping
Minefield
Wrong answers will end the quiz
Wrong answers will end the quiz
Wrong Answers
Some wrong answers will appear in red
Some wrong answers will appear in red
Replay
Link that replays current quiz
Next Quiz
Link to next quiz in quiz playlist
You Got
0%
They Got
Avg Score
55%
Avg Friend Score
Upgrade to see
Score Distribution
Jump to the score distribution portion of the page
Score
0/21
Timer
07:00
0
Plays Today
Hint
Answer
% Correct
?
???
90.9%
?
???
90.9%
?
???
86%
?
???
81.8%
?
???
78.5%
?
???
74.4%
?
???
57%
?
???
52.9%
?
???
52.1%
?
???
51.2%
?
???
49.6%
Hint
Answer
% Correct
?
???
46.3%
?
???
45.5%
?
???
43%
?
???
43%
?
???
43%
?
???
42.1%
?
???
41.3%
?
???
32.2%
?
???
31.4%
?
???
30.6%
Quiz Playlist
Details
Report
Send in Message
Add To Playlist
Classic:
Type in answers that appear in a list
No Skip:
Answers have to be entered in order without skipping
Minefield:
Wrong answers will end the quiz
Wrong Answers:
Some wrong answers will appear in red
Last Updated: Feb 16, 2017
Quiz Scoreboard
CHALLENGE
Sign Up to Join the Scoreboard
Show All
Scores
Hide
Comments
May contain spoilers
Recently Published
Pick 6: Fruits
by JohnFran
Miscellaneous
15s
Click the 1999 NBA Draft
by nibperrychub
Sports
2m
Alphabetical 'K' Countries by Flag Minefield
by ylime102
Geography
3m
More to Explore
Quiz From the Vault
Featured Blog Post
15 Basketball Trivia Facts You Can Be March Mad About
hide this ad
You Might Also Like...
Tags
start
Today's Top Quizzes in History
Browse History
hide this ad
Today's Top Quizzes in start
Browse start
Top Contributed Quizzes in History
1
Mahatma Gandhi, This Is Your Life
2
George Washington, This Is Your Life
3
'NCAA' US History
4
Famous Spring Paintings
5
Marco Polo, This Is Your Life
6
Julius Caesar, This Is Your Life
7
John F. Kennedy, This Is Your Life
8
10 to 1: Generals by War
9
I Am Born On March 18th
10
Abraham Lincoln, This Is Your Life
Explore More
Trending Topics
Anime
Disney
Harry Potter
NBA
Crossword
Kpop
Marvel
Soccer
NFL
Pokémon
The Office
Country
Puzzle
Song
WWE
hide this ad
More By:
MakeHistoryFun
Quiz
Plays
Rating
Category
Featured
Created
Historical Mad Gab
213
4.00
History
Apr 30, 2015
Lincoln's Assassin Word Ladder 5-Letter
175
3.00
History
Apr 30, 2015
Mr. Toler's Civil War Bunker
146
2.50
History
Apr 10, 2015
Standard 1
140
1.00
History
Apr 16, 2015
Standard 5
135
History
Apr 16, 2015
Go to Creator's Profile
Score Distribution
Quiz Creator Spotlight
MakeHistoryFun
Follow
Send a Message
Quizzes Created
-
Created Quiz Play Count
-
More By This Creator
Popular Quizzes Today
1
Find the US States - No Outlines Minefield
2
Countries of Asia Without Outlines Minefield
3
Pick 6: Fruits
4
The Countries of the World
5
Alphabetical 'K' Countries by Flag Minefield
6
Find the US States
7
Match the Book to the Film X
8
Click the 1999 NBA Draft
More History Quizzes
On This Day: August 20th II
Published
Trending Quizzes
Pick 6: Harry Potter
Pick 6: Mountains
Pick 6: NFL Teams
Pick 6: Movie Franchises
Pick 6: Golfers
Recently Updated
Women's Final Four Teams by Year
bhenderson79
Presidents Quartet II
eogle
Anything But Clue(do)
eogle
Anything But Oceanian Capitals
eogle
Anything But 7
eogle
Anything But Thing
eogle
Word Ladder: February 29
pecheneg
Song Title Questions
pecheneg
Women's NCAA Tournament #1 Seeds
pecheneg
Celebrity Mug Shots
pecheneg
Trending Topics
Harry Potter
Disney
Kpop
Anime
NBA
Marvel
Crossword
Song
Soccer
The Office
Pokémon
Puzzle
Country
WWE
NFL
Your Account Isn't Verified!
In order to create a playlist on Sporcle, you need to verify the email address you used during registration. Go to your
Sporcle Settings
to finish the process.
Report this User
Report this user for behavior that violates our
Community Guidelines
.
Details:
Send Report
Go to the Sporcle.com Mobile Site →
Comments